| 000 | 00900naa a2200277 c 4500 | ||
|---|---|---|---|
| 001 | 35155 | ||
| 003 | ES-MaCES | ||
| 005 | 20130603131400.0 | ||
| 008 | 050819n2004 fr t 000 | fre d | ||
| 035 | _aCES20050006400v | ||
| 040 |
_aES-MaCES _bspa _cES-MaCES |
||
| 245 | 0 | 2 | _aL'économie souterraine dans la mondialisation |
| 504 | _aBibliografía | ||
| 650 | 4 |
_apaís de la OCDE _929055 |
|
| 650 | 4 |
_atransparencia _930086 |
|
| 650 | 4 |
_acorrupción _929365 |
|
| 650 | 4 |
_aconsecuencias económicas _927082 |
|
| 650 | 4 |
_aterrorismo _929387 |
|
| 650 | 4 |
_aglobalización económica _930653 |
|
| 650 | 4 |
_apaís en desarrollo _927092 |
|
| 653 | 1 | 0 | _aEconomía |
| 773 | 0 |
_tProblèmes économiques _gnº 2880 (20 juil. 2005){10191 R. 061520}; p. 2-27 _w(ES-MaCES)25207 _942426 |
|
| 902 | _aMON Monográfico de revista | ||
| 942 |
_2CES _cAR _h0.0. |
||
| 999 |
_c35155 _d35155 |
||